Foundations of computer science / (Record no. 11808)

000 -LEADER
fixed length control field 00545nam a2200181 4500
008 - FIXED-LENGTH DATA ELEMENTS--GENERAL INFORMATION
fixed length control field 210112b ||||| |||| 00| 0 eng d
020 ## - INTERNATIONAL STANDARD BOOK NUMBER
International Standard Book Number 9781716782848
082 00 - DEWEY DECIMAL CLASSIFICATION NUMBER
Classification number 004
Item number A2869
100 ## - MAIN ENTRY--PERSONAL NAME
9 (RLIN) 4112
Personal name Aho, Alfred V.
245 10 - TITLE STATEMENT
Title Foundations of computer science /
250 ## - EDITION STATEMENT
Edition statement 1st ed.
260 ## - PUBLICATION, DISTRIBUTION, ETC. (IMPRINT)
Place of publication, distribution, etc New york:
Name of publisher, distributor, etc Computer Sc Press,
Date of publication, distribution, etc 1995.
300 ## - PHYSICAL DESCRIPTION
Extent xiii, 786p.
490 0# - SERIES STATEMENT
Series statement (Principle of computer science)
650 #0 - SUBJECT ADDED ENTRY--TOPICAL TERM
Topical term or geographic name as entry element Computer Science
700 ## - ADDED ENTRY--PERSONAL NAME
9 (RLIN) 4113
Personal name Ullman, Jeffrey D.
942 ## - ADDED ENTRY ELEMENTS (KOHA)
Source of classification or shelving scheme
Item type Books
Holdings
Withdrawn status Lost status Source of classification or shelving scheme Damaged status Not for loan Permanent location Current location Date acquired Full call number Barcode Date last seen Koha item type
          IMU Kolkata IMU Kolkata 2021-01-12 004 A2869 08336 2021-01-12 Books
Designed and Maintained by IMU-KC Library, Kolkata Campus © Copyright All Rights Reserved

webs counters

Powered by Koha